00407ntaaa2200157 45000030003000000050017000030080021000200400037000410820017000781000018000952450034001132500010001472600066001573000009002236500017002320120251027201738.00714s1973 ag 01  aAR-BaBNbspacAR-BaBNeaacrdRIC a239.0000 G77 aGrau, José  aEl cristiano, ese desconocido a1 ed. aWinterthur, Suiza : bEdiciones Evangélicas Europas, cs.f. a76 p acristianismo